Human Physiology (Record no. 178)
[ view plain ]
| 000 -LEADER | |
|---|---|
| Fixed length control field | 00848nam a2200229Ia 4500 |
| 003 - CONTROL NUMBER IDENTIFIER | |
| Control field | IIN |
| 005 - DATE AND TIME OF LATEST TRANSACTION | |
| Control field | 20250324131509.0 |
| 008 - FIXED-LENGTH DATA ELEMENTS--GENERAL INFORMATION | |
| Fixed length control field | 231217s9999 xx ad 001 0 eng d |
| 020 ## - INTERNATIONAL STANDARD BOOK NUMBER / ISBN | |
| Price | Rs.775.00 |
| International Standard Book Number | 9789388902717 |
| 040 ## - CATALOGING SOURCE | |
| Original cataloging agency | IIN |
| Language of cataloging | English |
| 082 ## - DEWEY DECIMAL CLASSIFICATION NUMBER | |
| Classification number | 612 |
| Book Number | JOH |
| 100 1# - MAIN ENTRY--PERSONAL NAME | |
| Personal name | Chatterjee, C.C |
| 245 ## - TITLE STATEMENT | |
| Title | Human Physiology |
| Statement of responsibility | CC Chatterjee; edited by Nitin Ashok John |
| 250 ## - EDITION STATEMENT | |
| Edition statement | 13th ed |
| 260 ## - IMPRINT | |
| Name of publisher | CBS |
| Place of publication | New Delhi |
| Date of publication | 2021 |
| 300 ## - PHYSICAL DESCRIPTION | |
| Page / Vol. No | xviii, 588 p. / V.1 |
| 500 ## - GENERAL NOTE | |
| General note | Including Appendices and Multiple Choice Questions |
| 505 ## - CONTENTS NOTE | |
| Contents note | V.1:<br/>General Physiology, Blood, Nerve and Muscle, Cardiovascular System, Respiratory system, Gastro-intestinal Tract, Renal Physiology<br/><br/>V.2:<br/>Endocrines, Reproductive System, Nervous System, Special Senses |
| 650 1# - SUBJECT ADDED ENTRY--TOPICAL TERM | |
| Topical term | Physiology |
| Form subdivision | Human |
| 700 1# - ADDED ENTRY--PERSONAL NAME | |
| Personal name | John, Nitin Ashok , Ed. |
| 942 ## - ADDED ENTRY ELEMENTS (KOHA) | |
| Koha item type | Books |
| Withdrawn status | Lost status | Source of classification | Damaged status | Not for loan | Collection code | Home library | Current library | Date acquired | Price | Total Checkouts | Call number | Accession number | Date last seen | Copy number | Price effective from | Koha item type |
|---|---|---|---|---|---|---|---|---|---|---|---|---|---|---|---|---|
| Dewey Decimal Classification | IDEAL INSTITUTE OF NURSING | IDEAL INSTITUTE OF NURSING | 17/12/2023 | 775.00 | 612 JOH | 173 | 17/12/2023 | Vol. 1 | 17/12/2023 | Books | ||||||
| Dewey Decimal Classification | IDEAL INSTITUTE OF NURSING | IDEAL INSTITUTE OF NURSING | 17/12/2023 | 775.00 | 612 JOH | 174 | 17/12/2023 | Vol. 1 | 17/12/2023 | Books | ||||||
| Dewey Decimal Classification | IDEAL INSTITUTE OF NURSING | IDEAL INSTITUTE OF NURSING | 17/12/2023 | 775.00 | 612 JOH | 175 | 17/12/2023 | Vol. 1 | 17/12/2023 | Books | ||||||
| Dewey Decimal Classification | IDEAL INSTITUTE OF NURSING | IDEAL INSTITUTE OF NURSING | 17/12/2023 | 775.00 | 612 JOH | 176 | 17/12/2023 | Vol. 1 | 17/12/2023 | Books | ||||||
| Dewey Decimal Classification | IDEAL INSTITUTE OF NURSING | IDEAL INSTITUTE OF NURSING | 17/12/2023 | 775.00 | 612 JOH | 177 | 17/12/2023 | Vol. 1 | 17/12/2023 | Books |
